[Event "Subic Bay Puregold op-B"]
[Site "Subic Bay"]
[Date "2016.12.14"]
[Round "2"]
[White "Tiauson, Ricarte"]
[Black "Areque, Jerry"]
[Result "1/2-1/2"]
[WhiteElo "2153"]
[BlackElo "2086"]
[PlyCount "40"]
[EventDate "2016.12.13"]
[EventType "swiss"]
[EventRounds "9"]
[EventCountry "PHI"]
[SourceTitle "EXT 2018"]
[Source "ChessBase"]
[SourceDate "2017.10.13"]
[SourceVersion "1"]
[SourceVersionDate "2017.10.13"]
[SourceQuality "1"]

1. e3 e5 2. b3 d6 3. Bb2 Nf6 4. c4 c5 5. g3 Nc6 6. Bg2 Be6 7. Ne2 Be7 8. Nbc3 0-0 9. 0-0 Qd7 10. d4 Bg4 11. dxc5 dxc5 12. Qxd7 Bxd7 13. Nd5 Bd8 14. Nxf6+ Bxf6 15. Nc3 Rab8 16. Nd5 Bd8 17. Rad1 Bg4 18. Rd2 Re8 19. h3 Bf5 20. Rfd1 h6 1/2-1/2